000 01045cam a22003015i 4500
001 13561076
003 EG-ScBUE
005 20251210091449.0
008 040416t2004 njua f b 001 0 eng d
020 _a9780471274001
040 _aEG-ScBUE
_beng
_erda
_cEG-ScBUE
_dEG-ScBUE
082 0 4 _a547.28
_222
_bODI
100 1 _aOdian, George G.,
_d1933-2019,
_938565
_eauthor.
245 1 0 _aPrinciples of polymerization /
_cGeorge Odian, College of Staten Island, City University of New York, Staten Island, New York.
250 _aFourth edition.
264 1 _aHoboken :
_bWiley-Interscience,
_c[2004]
264 4 _cc2004
300 _axxiv, 812 pages :
_billustrations ;
_c25 cm
336 _2rdacontent
_atext
_btxt
337 _aunmediated
_2rdamedia
_bn
338 _avolume
_bnc
_2rdacarrier
500 _aPrevious editipn : 1991.
504 _aIncludes bibliographical references and index.
650 7 _aPolymerization.
_2BUEsh
_96762
653 _bENGGEN
_cOctober2015
_cNovember2015
655 _vReading book
_934232
942 _2ddc
_cBB
999 _c20972
_d20944